00909cam a2200229 i 4500999001700000001000700017005001700024008004100041010001700082020001500099040001800114050002800132110004800160245011600208260005200324300002900376600003900405650004200444710003200486942003600518952012500554 c27256d2725683115820170208084220.0770811s1977 nyua c 000 0 eng  a 77012235  a0870991698 aDLCcDLCdDLC00aNK613 b .N48M476 19772 aMetropolitan Museum of Art (New York, N.Y.)10aHighlights of the Untermyer Collection of English and continental decorative arts.cMetropolitan Museum of Art, aNew York :bMetropolitan Museum of Art,cc1977. a216 p. :bill. ;c28 cm.10aUntermyer, IrwinxArt collections. 0aDecoration and ornamentxExhibitions. aMetropolitan Museum of Art, 2lcccBOOKShNK613 .N48M476 1977 00102lcc4070aMUCbMUCcTECHd2017-02-08eDonation(BFA)l0oNK613 .N48M476 1977p34407r2018-08-07w2017-02-08yBOOKS